000
00289nam a22001337a 4500
008
170922b xxu||||| |||| 00| 0 eng d
020
_a
0395330173
041
_a
eng
080
_a
37
100
_a
46
101
_a
ARK
245
_a
WRITING SKILLS HANDBOOK
_c
WIENER,H,S
942
_2
udc
_c
BK
999
_c
29010
_d
29010